[Event "New Delhi Parsvnath op-C 16th"]
[Site "New Delhi"]
[Date "2018.01.14"]
[Round "5"]
[White "Shivshankar, Iyer S"]
[Black "Kathiravan, T."]
[Result "0-1"]
[WhiteElo "1565"]
[BlackElo "1486"]
[PlyCount "141"]
[EventDate "2018.01.09"]
[EventType "swiss"]
[EventRounds "10"]
[EventCountry "IND"]
[SourceTitle "CBM 182 Extra"]
[Source "ChessBase"]
[SourceDate "2018.02.23"]
[SourceVersion "1"]
[SourceVersionDate "2018.02.23"]
[SourceQuality "1"]

1. d4 d5 2. c4 e6 3. Nc3 Nf6 4. Bg5 Be7 5. Nf3 0-0 6. e3 a6 7. Bd3 h6 8. Bh4 dxc4 9. Bxc4 b5 10. Bd3 Bb7 11. 0-0 Nbd7 12. Rc1 c5 13. Qe2 c4 14. Bb1 Rc8 15. Rfd1 b4 16. Na4 Qa5 17. b3 c3 18. e4 Rfe8 19. e5 Bxf3 20. Qxf3 Nd5 21. Bxe7 Rxe7 22. Nb2 Nf8 23. Nc4 Qc7 24. Be4 Nb6 25. Nd6 Rb8 26. a3 a5 27. axb4 axb4 28. Ra1 Nd5 29. Qg3 Rd7 30. h4 Qb6 31. Nc4 Qd8 32. Ra6 Nc7 33. Rd6 Nb5 34. Rxd7 Qxd7 35. d5 Rd8 36. d6 Qa7 37. Qe3 Qxe3 38. fxe3 Nd7 39. Bc6 Na7 40. Bxd7 Rxd7 41. Nb6 Rd8 42. Kf1 Nc6 43. Nc4 f6 44. exf6 gxf6 45. Ke2 Kf7 46. Ra1 e5 47. Ra6 Nb8 48. Ra7+ Ke6 49. Re7+ Kf5 50. Rg7 Nd7 51. Kd3 e4+ 52. Kc2 Ne5 53. Nxe5 Kxe5 54. Rb7 Rxd6 55. Rxb4 Rd3 56. Rb5+ Ke6 57. Rh5 Rxe3 58. b4 Re2+ 59. Kxc3 Rxg2 60. b5 f5 61. b6 Rg7 62. Kd4 Rd7+ 63. Ke3 Ke5 64. Rxh6 f4+ 65. Ke2 f3+ 66. Ke1 e3 67. Rc6 Rb7 68. h5 Rg7 69. Rg6 f2+ 70. Ke2 Rd7 71. Rg5+ 0-1